Normal view
MARC view
Entry Personal Name
001 - CONTROL NUMBER
- control field: 42910
003 - CONTROL NUMBER IDENTIFIER
- control field: OSt
005 - DATE AND TIME OF LATEST TRANSACTION
- control field: 20230524205150.0
008 - FIXED-LENGTH DATA ELEMENTS
- fixed length control field: 230524|| aca||aabn | a|a d
040 ## - CATALOGING SOURCE
- Original cataloging agency: OSt
- Transcribing agency: OSt
100 ## - HEADING--PERSONAL NAME
- Personal name: "H.Narendra, Maganti , Janardhana. etl"
670 ## - SOURCE DATA FOUND
- Source citation: Work cat.: (OSt)57877: K U Muthu 42909, Indeterminate Structural Analysis, 2014
